Statistics for Countries Without Armed Forces

Click here to take the quiz!

General Stats

  • This quiz has been taken 22 times
  • The average score is 12 of 16

Answer Stats

Answer% Correct
Andorra
85%
St Lucia
85%
Kiribati
80%
Nauru
80%
Palau
80%
Tuvalu
80%
Dominica
75%
Liechtenstein
75%
Marshall Islands
75%
St Vincent and Grenadines
75%
Federated States of Micronesia
70%
Grenada
70%
Samoa
65%
Solomon Islands
65%
Costa Rica
60%
Vatican City
50%

Score Distribution

Percentile by Number Answered

Percent of People with Each Score

Your Score History

You have not taken this quiz